Οι άρχοντες του εγκλήματος : οι νέες μαφίες εναντίον της δημοκρατίας
Αποθηκεύτηκε σε:
| Κύριος συγγραφέας: | |
|---|---|
| Άλλοι συγγραφείς: | , |
| Μορφή: | Βιβλίο |
| Γλώσσα: | Greek French |
| Δημοσίευση: |
Αθήνα :
Παπαζήσης,
2000.
|
| Θέματα: | |
| Ετικέτες: |
Προσθήκη ετικέτας
Δεν υπάρχουν, Καταχωρήστε ετικέτα πρώτοι!
|
MARC
| LEADER | 00000cam a2200000 i 4500 | ||
|---|---|---|---|
| 001 | 1/67577 | ||
| 008 | 071213s2000 gr | ||| |||| ||gre|| | ||
| 020 | |a 9789600214352 | ||
| 020 | |a 9600214352 | ||
| 035 | |l 10093081 | ||
| 040 | |a GR-MyUA |b gre |e AACR2 | ||
| 041 | 1 | |a gre |h fre | |
| 082 | 0 | |a 364.106 |2 (22) | |
| 100 | 1 | |a Ziegler, Jean, |d 1934- | |
| 245 | 1 | 3 | |a Οι άρχοντες του εγκλήματος : |b οι νέες μαφίες εναντίον της δημοκρατίας / |c Jean Ziegler σε συνεργασία με τον Uwe Muhlhoff ; μετάφραση - σχόλια - πρόλογος Μελέτης Η. Μελετόπουλος. |
| 260 | |a Αθήνα : |b Παπαζήσης, |c 2000. | ||
| 300 | |a 326 σ. ; |c 21 εκ. | ||
| 500 | |a Τίτλος πρωτοτύπου: Les seigneurs du crime. | ||
| 650 | 0 | 0 | |a Organized crime. |
| 650 | 0 | 0 | |a Mafia. |
| 700 | 1 | |a Muhlhoff, Uwe. | |
| 700 | 1 | |a Μελετόπουλος, Μελέτης Η., |b 1962- |e trl |e aui | |
| 852 | |a INST |b LESVOS |e 20071213 |h 364.106 ZIE |p 005100040425 |q 005100040425 |t BK |y 0 | ||
| 901 | |a BIBL1-2007-3 | ||
| 909 | |a Λ |b 142180 | ||
| 922 | |a 1ΕΛΗ |b 200711 |c ΕΠΕΑΕΚ2/ΤΚ |d Σ. ΠΑΤΑΚΗΣ | ||
| 970 | |a ΚΑΡΑ |b ΓΙΑΣΕΜΗ |z 2007/12/13 | ||